000 00284nam a2200109Ia 4500
008 200302s9999 xx 000 0 und d
100 _aAndrew Bromberg Aedas
245 _aNew Architecture in the Emerging World
260 _bThomson Learning, Inc.,
260 _c2011
300 _a379 P.,
999 _c3114
_d3114